| 000 | 00629nam a2200241 a 4500 | ||
|---|---|---|---|
| 001 | nice12345678 | ||
| 003 | IN_TiNIC | ||
| 005 | 20260116014030.0 | ||
| 008 | 050524s2001 lona grp 000 0 eng | ||
| 020 |
_a0415774 _c1617 |
||
| 082 | 0 | 0 |
_a323 _bHAY |
| 100 | _aHayner, Priscilla B | ||
| 245 |
_aUnspeakable Truths _b Confronting State Terror and Atrocity |
||
| 260 |
_aLondon _bRoutledge Chapman Hall _c2001 |
||
| 300 | _a340p | ||
| 500 | _aincludes index and biblioraphy | ||
| 505 | 2 | _aIndex | |
| 650 | _aHuman Rights | ||
| 700 | 1 | _aHayner, Priscilla B | |
| 902 | _bSRS | ||
| 942 | _cBK | ||
| 999 |
_c13582 _d13582 |
||